01585nam a2200193Ia 450000500170000000800410001704000700005804100080012810000260013624500800016226000490024230000310029150003980032250505260072050600210124665000320126765100460129965100460134520151209092940.0130821s1905 pe gr spa  aCo-BoUCMbspacSandra Yazo (modificó)dSandra Yazo (modificó)00aspa1 aUlloa, Albertoecomp.13aLa opinión Colombiana y el problema de Tacna y AricacAlberto Ulloa, comp aLima (Perú)bImprenta de "El Tiempo"c1905 a441 páginasc27 x 19 cm. aDescripción física: Encuadernación rígida (holandesa) en cartón forrado en papel con lomo en cuero y adornos en dorado. Tapas con raspaduras, bordes y esquinas con deterioro. Guardas. Portada impresa en una tinta. Cenefas y remates. Texto impreso en una sola columna con varios tipos y tamaños de letra. Márgenes amplios. Algunas notas al pie de página. Manchas sobre el papel2 aRespuesta del señor Francisco Javier Vergara y Vergara, de Nicolás Sáenz, de Alejandro Rojas Williams, de Epifanio Garay, de Carlos Liévano, de Francisco de P. Sáenz, de Víctor y Darío Gutiérrez Uricochea, de Alfredo Gómez, de Lorenzo Codazzi, de Julio de Francisco, de Maximiliano Grillo, de Francisco L. Cabo, de Nazario Lorenzana, de Francisco de P. Borda, de José María Pérez, de Rafael María Carrasquilla, de Francisco Groot, de Lino de Pombo, de Marco Fidel Suarez, de Miguel Antonio Caro aConsulta en sala 7aCuestión de Tacna y Arica 7aChilebRelaciones internacionaleszPerú 7aPerúbRelaciones internacionaleszChile